000 00497nam a2200181Ia 4500
999 _c28482
_d28482
003 OSt
005 20201110161233.0
008 190216s9999||||xx |||||||||||||| ||und||
020 _a8178070804
040 _coclc
082 _a894.8123
_bPIL/T
100 _aPillai, Kallada N P
_96423
245 0 _aThambrankutty /
_cKallada N P Pillai
260 _bPen Books,
_aAluva:
_c2002.
300 _a104p
650 _aNovel
942 _cBK
_2ddc
_h894.8123
_iPIL/T
_k894.8123
_mPIL/T